| 000 | 01536nam a22003257a 4500 | ||
|---|---|---|---|
| 005 | 20150605105047.0 | ||
| 008 | 150219b xxu||||| |||| 00| 0 hin d | ||
| 010 | _a2015BACHN16 HIN-105818 | ||
| 020 |
_a9788120348844 _c325.00 |
||
| 035 | _aHN-78164 | ||
| 035 | _aB-595682-708 | ||
| 037 | _b pragati | ||
| 037 | _bDBAD / PUB | ||
| 040 |
_aDPL _bHN |
||
| 082 | _a324.54 | ||
| 082 | _a342.54 | ||
| 100 | _aशर्मा, ब्रजकिशोर | ||
| 245 |
_aभारत का संविधानः एक परिचय / _cब्रजकिशोर शर्मा |
||
| 246 |
_aBhaarata kaa samvidhaana:eka parichaya _bby Brijkishor Sharma |
||
| 250 | _a10वां संस्क. | ||
| 260 |
_aनई दिल्ली _bपीएचआई लर्निंग _c2014 |
||
| 270 |
_aरिमझिम हाउस 111, पड़पड्गंज इंडस्ट्रियल एस्टेट _bनई दिल्ली _e110092 |
||
| 300 |
_axli ,465 पृ. _c24 सेमी ( अजिल्द) |
||
| 650 |
_aसंविधान _zभारत |
||
| 650 |
_aConstitution _zIndia |
||
| 650 |
_aसंविधानिक कानून _zभारत |
||
| 650 |
_aConstitutional law _zIndia |
||
| 942 |
_2ddc _cHN _h342.54 _mशर्माब्र |
||
| 999 |
_c91615 _d91615 |
||